LEADER 00789nam0 2200265 450 001 000000531 005 20050630115100.0 010 $a88-13-17848-4 100 $a--------d1992----km-y0itay50------ba 101 $aita 102 $aIT 200 1 $a<>bilancio consolidato$fSergio Terzani 205 $a4. ed. 210 $aPadova$cCEDAM$d1992 215 $aXVIII, 303 p.$d24 cm 303 $aSeguono: appendici 303 $aIn cop.: Università degli studi di Firenze, Dipartimento di scienze sociali 610 1 $aSocietà collegate$aBilancio 676 $a657.3 700 1$aTerzani,$bSergio$089011 801 0$aIT $bUNIPARTHENOPE $gRICA $2UNIMARC 912 $a000000531 951 $cNAVA1$a657-B/7$b31047$d20000201 996 $aBilancio consolidato$9195158 997 $aUNIPARTHENOPE LEADER 00994nam1 2200301 450 001 000019727 005 20070301091313.0 100 $a20070228d--------km-y0itaa50------ba 101 0 $aita 102 $aIT 200 1 $aScienza e tecnologia delle acque minerali e delle bevande$fRoberto Rizzo 210 $aPinerolo$cChiriotti 215 $av.$cill.$d25 cm. 463 \1$1001000019728$12001 $a<>acqua 463 \1$1001000019729$12001 $a<> bevande 606 1 $aAcque minerali 606 2 $aBevande 676 $a663.6$v(21. ed.)$9Tecnologia delle bevande. Bevande analcoliche 676 $a641.26$v(21. ed.)$9Bevande analcoliche 700 1$aRizzo,$bRoberto$0433138 801 0$aIT$bUniversità della Basilicata - B.I.A.$gRICA$2unimarc 912 $a000019727 996 $aScienza e tecnologia delle acque minerali e delle bevande$986559 997 $aUNIBAS BAS $aAGRARIA CAT $aTTM$b30$c20070228$lBAS01$h1137 CAT $aTTM$b30$c20070301$lBAS01$h0913 FMT